|
|
|
|
| LEADER |
00789nam a22002532a 4500 |
| 001 |
001234299 |
| 003 |
CZ BrMZK |
| 005 |
20130314105434.0 |
| 007 |
ta |
| 008 |
120725s1975 xo er 000 0 slo d |
| 040 |
|
|
|a BOA001
|b cze
|
| 041 |
1 |
|
|a slo
|h ita
|
| 100 |
1 |
|
|a Manzoni, Alessandro,
|d 1785-1873
|7 jn19990005379
|4 aut
|
| 245 |
1 |
0 |
|a Snúbenci /
|c Alessandro Manzoni ; z talianského originálu ... preložil a poznámky napísal Jozef Máček
|
| 250 |
|
|
|a 3. vyd.
|
| 260 |
|
|
|a Bratislava :
|b Tatran,
|c 1975
|
| 300 |
|
|
|a 625 s.
|
| 490 |
1 |
|
|a Meteor ;
|v zv. 70
|
| 765 |
0 |
|
|t Promessi sposi
|9 Slovensky
|
| 830 |
|
0 |
|a Meteor
|0 s
|
| 910 |
|
|
|a BOA001
|b 2-0751.796
|
| 990 |
|
|
|a BK
|
| 991 |
|
|
|b 201207
|
| 996 |
7 |
|
|b 2619538362
|c 2-0751.796
|l MZK
|r Sklad / do 1 hodiny
|n 2
|w 001268282
|u 000010
|a 1
|e BOA001
|j MZK50
|s A
|